[Event "Guwahati Sakatam op 1st"]
[Site "Guwahati"]
[Date "2024.03.26"]
[Round "6"]
[White "Tanmay, Rajbongshi"]
[Black "Debankur, Banerjee"]
[Result "1-0"]
[WhiteElo "1909"]
[BlackElo "1718"]
[PlyCount "105"]
[EventDate "2024.03.23"]
[EventType "swiss"]
[EventRounds "10"]
[EventCountry "IND"]
[SourceTitle "CB15_2024"]
[SourceDate "2024.04.10"]
[SourceVersion "1"]
[SourceVersionDate "2024.04.10"]
[SourceQuality "1"]

1. e4 c6 2. d4 d5 3. exd5 cxd5 4. Bd3 Nc6 5. c3 Nf6 6. Bf4 g6 7. Nf3 Bg7 8. h3 0-0 9. 0-0 Nh5 10. Bh2 Bh6 11. Nbd2 Nf4 12. Bc2 Be6 13. Re1 Kh8 14. Nf1 Qc8 15. Kh1 Bf5 16. Bxf5 Qxf5 17. Ne3 Qh5 18. Ng4 Ne6 19. Nxh6 Qxh6 20. Ne5 Kg8 21. Qg4 Ncd8 22. Qf3 Qd2 23. Re2 Qg5 24. Rae1 Rc8 25. Re3 Qf5 26. Qe2 Nf4 27. Bxf4 Qxf4 28. Nd7 Ne6 29. Nxf8 Rxf8 30. Rf3 Qd6 31. Re3 Nf4 32. Qf3 e6 33. Re5 f6 34. R5e3 Re8 35. Qg4 Kf7 36. g3 Nh5 37. Qe2 Ng7 38. Qd3 Nf5 39. R3e2 Qb6 40. b3 h5 41. Kg1 Qd6 42. Rd1 Rd8 43. Kf1 g5 44. Rde1 Re8 45. Qxf5 exf5 46. Rxe8 h4 47. R1e7+ Kg6 48. Rg8+ Kh6 49. Rgg7 f4 50. g4 f5 51. Rh7+ Kg6 52. Reg7+ Kf6 53. Rh6+ 1-0

[Event "Agartala Dutta Memorial 3rd"]
[Site "Agartala"]
[Date "2023.11.06"]
[Round "10"]
[White "Oishik, Mondal"]
[Black "Debankur, Banerjee"]
[Result "1-0"]
[WhiteElo "1566"]
[BlackElo "1462"]
[PlyCount "77"]
[EventDate "2023.11.01"]
[EventType "swiss"]
[EventRounds "10"]
[EventCountry "IND"]
[SourceTitle "CB46_2023"]
[SourceDate "2023.11.15"]
[SourceVersion "1"]
[SourceVersionDate "2023.11.15"]
[SourceQuality "1"]

1. e4 c6 2. d4 d5 3. exd5 cxd5 4. Bd3 Nc6 5. c3 Nf6 6. h3 g6 7. Nf3 Bg7 8. 0-0 0-0 9. Bf4 Nh5 10. Bh2 Bh6 11. Nbd2 Nf4 12. Bc2 Be6 13. Re1 Qd7 14. Nf1 f6 15. Bb3 Na5 16. Bxf4 Bxf4 17. Qe2 Kf7 18. Ba4 Nc6 19. Ne3 a6 20. Rad1 b5 21. Bb3 Rfe8 22. g3 Bh6 23. Ng4 Bxg4 24. hxg4 Na5 25. g5 Nxb3 26. gxh6 Na5 27. Rd3 Nc4 28. b3 Nd6 29. Ne5+ fxe5 30. Qxe5 Nf5 31. Rf3 Rg8 32. g4 e6 33. Kf1 Rae8 34. Ree3 Qe7 35. gxf5 gxf5 36. Rxf5+ exf5 37. Qxf5+ Qf6 38. Qxh7+ Rg7 39. hxg7 1-0

[Event "Agartala Dutta Memorial 3rd"]
[Site "Agartala"]
[Date "2023.11.03"]
[Round "4"]
[White "Dangmei, Bosco"]
[Black "Debankur, Banerjee"]
[Result "1-0"]
[WhiteElo "1904"]
[BlackElo "1462"]
[PlyCount "69"]
[EventDate "2023.11.01"]
[EventType "swiss"]
[EventRounds "10"]
[EventCountry "IND"]
[SourceTitle "CB46_2023"]
[SourceDate "2023.11.15"]
[SourceVersion "1"]
[SourceVersionDate "2023.11.15"]
[SourceQuality "1"]

1. e4 c6 2. d4 d5 3. exd5 cxd5 4. c4 Nf6 5. Nc3 e6 6. Bg5 Be7 7. Nf3 0-0 8. c5 Ne4 9. Bxe7 Qxe7 10. Rc1 Nxc3 11. Rxc3 Nc6 12. Bb5 Bd7 13. Bxc6 Bxc6 14. 0-0 Qc7 15. Qd3 f6 16. Re1 Rfe8 17. Qc2 Re7 18. Rce3 Rae8 19. Qc3 Qc8 20. b4 Rf8 21. Nh4 Ree8 22. f4 Bd7 23. Qb3 Kh8 24. b5 Rd8 25. a4 Qc7 26. Rh3 Rfe8 27. Ree3 Kg8 28. Rhf3 Kh8 29. f5 e5 30. Rh3 Bc8 31. Qd1 Kg8 32. Qh5 Qf7 33. Qxh7+ Kf8 34. Ng6+ Qxg6 35. Qxg6 1-0

[Event "IND-ch 59th"]
[Site "New Delhi"]
[Date "2023.01.02"]
[Round "12"]
[White "Tamojit, Chakraborty"]
[Black "Debankur, Banerjee"]
[Result "0-1"]
[WhiteElo "1881"]
[BlackElo "1381"]
[PlyCount "62"]
[EventDate "2022.12.22"]
[EventType "swiss"]
[EventRounds "13"]
[EventCountry "IND"]
[SourceTitle "CBM 211 Extra"]
[Source "ChessBase"]
[SourceDate "2023.01.31"]
[SourceVersion "1"]
[SourceVersionDate "2023.01.31"]
[SourceQuality "1"]

1. e4 c6 2. d4 d5 3. e5 Bf5 4. h4 h5 5. Bd3 Bxd3 6. Qxd3 Qa5+ 7. Nd2 e6 8. Ne2 Qa6 9. c4 Nd7 10. 0-0 Ne7 11. b3 Nf5 12. Nf3 Nb6 13. Bg5 dxc4 14. Qe4 cxb3 15. axb3 Qb5 16. Nc3 Qxb3 17. Rfc1 Ba3 18. Qb1 Qb4 19. Rc2 Qxb1+ 20. Nxb1 Be7 21. Nc3 Bxg5 22. hxg5 Ke7 23. Rca2 Nc8 24. Rb1 Nb6 25. Na4 Rhd8 26. Nxb6 axb6 27. Rxa8 Rxa8 28. Rxb6 Ra1+ 29. Kh2 Ra7 30. Kh3 g6 31. Rb4 b5 0-1